000 00288nam a22001337a 4500
008 170202b xxu||||| |||| 00| 0 eng d
020 _a0838526950
041 _aeng
080 _a61
100 _a26
101 _aSHM
245 _aFOUNDATIONS OF CLINICAL
_cWATKINS.P.M
942 _2udc
_cBK
999 _c4335
_d4335